Bookworm short stories 3
| Format: | Book |
|---|---|
| Published: |
Singapore :
Bookworm ,
1990
|
| Series: | Bookworm
|
| Subjects: |
MARC
| LEADER | 00000cam a2200000 7i4500 | ||
|---|---|---|---|
| 001 | 0000006903 | ||
| 002 | 000007435 | ||
| 005 | 20011205.0 | ||
| 020 | |a 9810009372 | ||
| 090 | 0 | 0 | |a JF |b BOO |
| 245 | 0 | 0 | |a Bookworm short stories 3 |
| 260 | |a Singapore : |b Bookworm , |c 1990 | ||
| 300 | |a 76p. : |b ill. ; |c 21cm. | ||
| 490 | 0 | |a Bookworm | |
| 650 | 0 | 0 | |a Children's stories |
| 999 | |a 024520 |b BUKU |c PINJAMAN |e PERPUSTAKAAN KOMUNITI PETALING JAYA | ||
| 999 | |a 024521 |b BUKU |c PINJAMAN |e PERPUSTAKAAN KOMUNITI PETALING JAYA | ||